| 000 | 01074nam a2200289 a 4500 | ||
|---|---|---|---|
| 005 | 20160215110743.0 | ||
| 008 | 940729t1993 ve a grb 000 0 spa | ||
| 040 |
_aDLC _cDLC _dCO-BoIAVH |
||
| 041 | _aspa | ||
| 043 | _acl----- | ||
| 044 | _ack | ||
| 082 | 0 | 0 |
_a574.6098 _bA16a |
| 245 | 0 | 0 | _a500 años de la América tropical. |
| 260 |
_aCaracas, Venezuela : _bAcademia de Ciencias Físicas, Matemáticas y Naturales, _c1993. |
||
| 300 |
_a209 paginas. : _bill. ; _c23 cm. |
||
| 504 | _aIncludes bibliographical references. | ||
| 650 | 0 |
_aBiology, Economic _zLatin America. _959885 |
|
| 650 | 0 |
_aBiologia, Economia _yLatino America _959886 |
|
| 650 | 0 |
_aEthnobiology _zLatin America. _959887 |
|
| 650 | 0 |
_aEtimología _yLatino America _959888 |
|
| 650 | 0 |
_aIndigenas _xEtimología _zLatino América. _959889 |
|
| 650 | 0 |
_aAgricultura _zLatino America. _959890 |
|
| 650 | 0 |
_aIndigenas _xAgricultura. _959891 |
|
| 710 | 2 |
_aAcademia de Ciencias Físicas, Matemáticas y Naturales (Venezuela) _959892 |
|
| 740 | 0 | _aQuinientos años de la América tropical. | |
| 942 |
_2ddc _cLIBRO |
||
| 999 |
_c3989 _d3989 |
||